00504nam a22001817a 45000050016000000100013000160200025000290350013000540370010000670820011000771000017000882450062001052500013001672600049001802700044002293000029002735000020003022011092607077.0 aG-001529 c85.00a97881222045991daG-001529 bGift  a793.74 aVohra, N.D.  aQuantitative techniques in management / cby N. D. Vohra  a4th ed.  aNew Delhi bTata McGraw Hill c2011(repr.).  a7 West Patel Nagar,bNew Delhi e110008 axvi, 1063p. c28cm(pbk)  aIncludes index